| 000 | 00568nam a2200205 a 4500 | ||
|---|---|---|---|
| 001 | 23218 | ||
| 003 | CO-ViMGA | ||
| 008 | 141112s2004 ck r 000 u spa d | ||
| 020 | _a9584209701 | ||
| 040 |
_aCO-ViMGA _bspa _cCO-ViMGA |
||
| 082 | _aPe863.6 B792a1 | ||
| 100 | 1 |
_aBryce Echenique, Alfredo _96580 |
|
| 245 | 1 | 0 | _aLa Amigdalitis de Tarzán |
| 260 |
_aColombia : _bEspasa Calpe, _c2006 |
||
| 300 | _a206 p. | ||
| 490 | _aBiblioteca HisponAméricana del Siglo XX | ||
| 650 | 1 | 4 |
_aAmor en la Literatura _969 |
| 650 | 1 | 4 |
_aNovela Peruana _94130 |
| 942 |
_2ddc _cBK |
||
| 999 |
_c11637 _d11637 |
||